Die alten Handelsplätze an der Ostsee und ihre Namen

Titel: Die alten Handelsplätze an der Ostsee und ihre Namen
Verfasser:
In: Riga und der Ostseeraum, (2005), Seite 10-23
alle Artikel anzeigen
Veröffentlicht: 2005
Format: Aufsatz
Sprache: Deutsch
Kein Bild verfügbar
X
alg: 39163970
001A    $01999:11-11-16 
001B    $01999:15-05-21 $t21:01:11.000 
001D    $01999:11-11-16 
001U    $0utf8 
001X    $00 
002@    $0Aox 
003@    $0391639706 
007A    $0391639706 $aHEB 
007T    $0Herd78938 
010@    $ager 
011@    $a2005 
021A    $aDie @alten Handelsplätze an der Ostsee und ihre Namen 
028A    $aLaur $dWolfgang 
031A    $h10-23 $j2005 
039B    $aIn $8--Aau--. Riga und der Ostseeraum. - Marburg : Verl. Herder-Institut, 2005. - VIII, 486 S.. - Ill., graph. Darst., Kt.. - ISBN 3-87969-319-6 $x200500000000000990 $9133615367 
045F    $a417.709479 $eDDC23BSB 
045F/01 $a417.7 
045F/03 $g479 
045F/03 $g437 

lok: 39163970 78

exp: 39163970 78 1 #EPN
201B/01 $019-04-17 $t10:18:50.000 
201U/01 $0utf8 
203@/01 $0787734187 
208@/01 $a11-11-16 $be 
209A/01 $a/ $f000 $x00 
220C/01 $aTitelaufnehmer: cs 
244Z/01 $2Trx $#Kesk- ja Ida- Euroopa kontseptsioonid $#Vidurio Europos koncepcijos $#East-Central Europe $#Keletközépeurópa-eszmék $#Europa Środkowo-Wschodnia koncepcje $#Európa stredovýchodná koncepcie $#Evropa střední, východní část koncepce $#Mitteleuropa $#Osteuropakonzeptionen $#Europa Środkowa koncepcje $#Stredná Európa koncepcie $#Střední Europa koncepce $8--Trx--Ostmitteleuropakonzeptionen $x01 $9391364286 
244Z/01 $2Trx $#Baltijos šalys $#kraje bałtyckie $#Baltikum $8--Trx--Baltische Länder $x02 $9391352903 
244Z/01 $2Trx $#Baltijos regionas $#Strefa bałtycka $#Region Bałtyku $8--Trx--Ostseeraum $x03 $9391309870 
244Z/01 $aGeschichte 1000-1300 $x04 
244Z/01 $2Trx $#nimeteadus asukohad $#onomastika vietovardžiai $#onomatology places $#névtan helységek $#onomastyka, miejscowości $#onomastika miesta $#onomastika místa $#Toponomie $#toponomastyka $#toponomastika $8--Trx--Namenkunde$gOrte $x05 $9391383450 
244Z/01 $2Trx $#kauplemiskohad varane keskaeg $#ankstyvųjų viduramžių prekyvietės $#places of trade early Middle Ages $#kereskedök tere korai középkor $#placówki handlowe wczesne średniowiecze $#trhoviská raný stredovek $#tržiště raný středověk $8--Trx--Handelsplätze$gFrühmittelalter $x06 $9391382330 
244Z/01 $2Trx $8--Trx--Einzelbeiträge $x07 $9391384570 
245Z/01 $a11.07 $x01 
247C/01 $82080>Marburg/Lahn, Herder-Institut, Forschungsbibliothek, Bibliographieportal $9336309341
LEADER 00000caa a22000002c 4500
001 391639706
003 DE-603
005 20210515210111.0
007 tu
008 161111s2005 xx |||| | u00||u|ger c
035 |a (DE-599)HEB391639706 
040 |a DE-603  |b ger  |c DE-603  |d DE-603 
041 |a ger 
082 0 4 |8 1\u  |a 417.709479  |q DE-101  |2 23/BSB 
085 |8 1\u  |b 417.7 
085 |8 1\u  |z 2  |s 479 
085 |8 1\u  |z 2  |s 437 
100 1 |a Laur, Wolfgang 
245 0 0 |a ˜Dieœ alten Handelsplätze an der Ostsee und ihre Namen 
264 0 |c 2005 
773 0 8 |i In  |t Riga und der Ostseeraum  |d Marburg : Verl. Herder-Institut, 2005  |h VIII, 486 S., Ill., graph. Darst., Kt.  |z 3879693196  |g (2005), Seite 10-23  |w (DE-603)133615367 
924 0 |9 2080  |a (DE-603)787734187  |b DE-2080  |c HES  |d d  |g /